Lão Tử: tư tưởng và sách lược

Saved in:
Bibliographic Details
Format: Book
Language:Undetermined
Published: Cà Mau Mũi Cà Mau 2003
Subjects:
Tags: Add Tag
No Tags, Be the first to tag this record!
Institutions: Trung tâm Học liệu Trường Đại học Cần Thơ
LEADER 00485nam a2200169Ia 4500
001 CTU_58278
008 210402s9999 xx 000 0 und d
082 |a 181.114 
082 |b Tr300 
245 0 |a Lão Tử: tư tưởng và sách lược 
245 0 |c Trí Tuệ biên dịch 
260 |a Cà Mau 
260 |b Mũi Cà Mau 
260 |c 2003 
650 |a philosophy, chinese,taoism 
904 |i Minh 
980 |a Trung tâm Học liệu Trường Đại học Cần Thơ